| 000 | 01048nam a2200277Ia 4500 | ||
|---|---|---|---|
| 008 | 130821s2011 ck gr spa | ||
| 020 | _a9789588399386 | ||
| 040 |
_aCo-BoUCM _bspa |
||
| 041 | 0 | 0 | _aspa |
| 245 | 0 | 0 |
_aAmor a la tinta concursos de escritura Funlam 2010 cartas de amor, cuento y ensayo _cAnderson Arenas Piedrahíta [y otros.]. |
| 260 |
_aMedellín (Antioquia, Colombia) _bFundación Universitaria Luis Amigó _c2011 |
||
| 300 | _a150 páginas | ||
| 650 | 0 | 4 |
_aCartas de amor _910538 |
| 650 | 0 | 4 |
_aCertámenes literarios _910695 |
| 650 | 0 | 4 |
_aCuento _912246 |
| 650 | 0 | 4 |
_aLiteratura _918599 |
| 650 | 0 | 4 |
_aPoesía _921773 |
| 700 | 1 |
_aArenas Piedrahíta, Anderson _9159547 |
|
| 700 | 1 |
_aBlandón, Bertrille _9159548 |
|
| 700 | 1 |
_aCartagena López, Camila _9159549 |
|
| 700 | 1 |
_aSan Juan Fajardo, Andrés _9159550 |
|
| 700 | 1 |
_aVallejo Montoya, Elías Alexander _9159551 |
|
| 710 | 2 |
_aFundación Universitaria Luis Amigó _952755 |
|
| 942 |
_cLIBRO _a18 _e1 _mA524 _2DEWEY _h808.0688 _n0 |
||
| 999 |
_c37942 _d37942 |
||